[Event "GER Pfingstopen U12"]
[Site "Playchess.com INT"]
[Date "2020.06.02"]
[Round "2"]
[White "Ruettinger, Max"]
[Black "Dimitriu, Filip"]
[Result "1-0"]
[WhiteElo "1165"]
[BlackElo "1620"]
[PlyCount "49"]
[EventDate "2020.06.02"]
[EventType "swiss (blitz)"]
[EventRounds "11"]
[EventCountry "GER"]
[SourceTitle "CBM 197 Extra"]
[Source "ChessBase"]
[SourceDate "2020.09.30"]
[SourceVersion "1"]
[SourceVersionDate "2020.09.30"]
[SourceQuality "1"]

1. e4 c5 2. Nf3 Nc6 3. d4 cxd4 4. Nxd4 g6 5. Nc3 Bg7 6. Be3 Nf6 7. f3 0-0 8. Qd2 Qb6 9. 0-0-0 Qc7 10. g4 a6 11. h4 b5 12. h5 d6 13. hxg6 fxg6 14. Be2 Bd7 15. f4 Rfb8 16. f5 Nxd4 17. Bxd4 a5 18. fxg6 hxg6 19. Be3 a4 20. Bh6 b4 21. Nd5 Nxd5 22. Qxd5+ Kf8 23. Bxg7+ Kxg7 24. Qd4+ Kf7 25. Rh7+ 1-0

[Event "ROM-ch U08"]
[Site "Calimanesti Caciulata"]
[Date "2019.04.22"]
[Round "9"]
[White "Dimitriu, Filip"]
[Black "Basturea, Ianis Stefan"]
[Result "0-1"]
[WhiteElo "1126"]
[BlackElo "1057"]
[PlyCount "100"]
[EventDate "2019.04.15"]
[EventType "swiss"]
[EventRounds "9"]
[EventCountry "ROU"]
[SourceTitle "CBM 190 Extra"]
[Source "ChessBase"]
[SourceDate "2019.07.15"]
[SourceVersion "1"]
[SourceVersionDate "2019.07.15"]
[SourceQuality "1"]

1. e4 e6 2. d4 d5 3. Nc3 Nf6 4. Bg5 Bb4 5. e5 h6 6. Bd2 Nfd7 7. f4 c5 8. Nf3 Qb6 9. a3 Bxc3 10. Bxc3 Nc6 11. Be2 0-0 12. 0-0 f6 13. Qd2 cxd4 14. Bxd4 Qc7 15. exf6 Nxf6 16. Bxf6 Rxf6 17. Rac1 Qxf4 18. Qxf4 Rxf4 19. Nd2 Rxf1+ 20. Rxf1 Bd7 21. Nb3 b6 22. Bb5 Ne5 23. Bxd7 Nxd7 24. Nd4 Re8 25. Nc6 a6 26. Rd1 Nc5 27. Nb4 a5 28. Nd3 Nxd3 29. Rxd3 Rc8 30. Rc3 Rxc3 31. bxc3 Kf7 32. Kf2 Ke7 33. Ke3 Kd6 34. h4 Ke5 35. g4 g5 36. h5 b5 37. Kf3 d4 38. cxd4+ Kxd4 39. Ke2 e5 40. Kf3 e4+ 41. Ke2 b4 42. axb4 axb4 43. Kd2 e3+ 44. Ke2 Ke4 45. Ke1 Kf3 46. Kf1 e2+ 47. Ke1 Ke3 48. c3 b3 49. c4 b2 50. c5 b1Q# 0-1

[Event "ROM-ch U08"]
[Site "Calimanesti"]
[Date "2018.03.29"]
[Round "4"]
[White "Dimitriu, Filip"]
[Black "Finta, Marc Alexandru"]
[Result "1-0"]
[WhiteElo "1203"]
[BlackElo "1074"]
[PlyCount "93"]
[EventDate "2018.03.27"]
[EventType "swiss"]
[EventRounds "9"]
[EventCountry "ROU"]
[SourceTitle "CBM 183 Extra"]
[Source "ChessBase"]
[SourceDate "2018.04.19"]
[SourceVersion "1"]
[SourceVersionDate "2018.04.19"]
[SourceQuality "1"]

1. e4 e5 2. Nf3 Nc6 3. Bc4 Nf6 4. d3 Bc5 5. c3 d5 6. exd5 Nxd5 7. Qb3 Be6 8. Qxb7 Na5 9. Qb5+ c6 10. Qxc5 Nf4 11. Bxf4 exf4 12. Bxe6 fxe6 13. Qe5 0-0 14. Qxe6+ Kh8 15. Ne5 Re8 16. Nf7+ Kg8 17. Nh6+ Kh8 18. Qe3 Qxd3 19. Nf7+ Kg8 20. Ne5 Qxe3+ 21. fxe3 Rxe5 22. Kf2 fxe3+ 23. Ke2 Rf8 24. Rf1 Rxf1 25. Kxf1 Nc4 26. b3 Nd2+ 27. Nxd2 exd2 28. Rd1 Rf5+ 29. Ke2 Rg5 30. g3 Re5+ 31. Kf3 Rd5 32. Ke3 Re5+ 33. Kxd2 Rf5 34. Re1 Rf2+ 35. Re2 Rxe2+ 36. Kxe2 Kf7 37. Ke3 Ke6 38. Ke4 g6 39. g4 g5 40. h3 h6 41. c4 a6 42. b4 Kf6 43. Kd4 Ke6 44. Kc5 Kd7 45. Kb6 Kd6 46. Kxa6 Kc7 47. a4 1-0

[Event "ROM-ch U08"]
[Site "Calimanesti"]
[Date "2018.03.28"]
[Round "2"]
[White "Dimitriu, Filip"]
[Black "Ianchis, David Cristian"]
[Result "1-0"]
[WhiteElo "1203"]
[BlackElo "1055"]
[PlyCount "61"]
[EventDate "2018.03.27"]
[EventType "swiss"]
[EventRounds "9"]
[EventCountry "ROU"]
[SourceTitle "CBM 183 Extra"]
[Source "ChessBase"]
[SourceDate "2018.04.19"]
[SourceVersion "1"]
[SourceVersionDate "2018.04.19"]
[SourceQuality "1"]

1. d4 f5 2. e3 Nf6 3. Bd3 d5 4. f4 Nc6 5. c3 e6 6. Nf3 Bd6 7. Ne5 Bxe5 8. dxe5 Ng4 9. 0-0 Qh4 10. h3 Nh6 11. Bd2 g5 12. Be1 g4 13. Bxh4 gxh3 14. Qh5+ Nf7 15. gxh3 Rg8+ 16. Kh1 b6 17. Bb5 Bb7 18. Bxc6+ Bxc6 19. Rg1 d4+ 20. Kh2 Rf8 21. exd4 Kd7 22. Qxh7 Rae8 23. Rg7 Kc8 24. Rxf7 Kb8 25. Rxf8 Rxf8 26. a4 Kb7 27. b4 Be4 28. Qe7 Rg8 29. Bg3 Bd5 30. Nd2 Rg7 31. Qxg7 1-0

[Event "ROM-ch U08"]
[Site "Baile Felix"]
[Date "2017.02.02"]
[Round "1"]
[White "Bar, Andrei Alecsandru"]
[Black "Dimitriu, Filip"]
[Result "1-0"]
[WhiteElo "1177"]
[BlackElo "1010"]
[PlyCount "90"]
[EventDate "2017.02.02"]
[EventType "swiss"]
[EventRounds "9"]
[EventCountry "ROU"]
[SourceTitle "CBM 176 Extra"]
[Source "ChessBase"]
[SourceDate "2017.03.02"]
[SourceVersion "1"]
[SourceVersionDate "2017.03.02"]
[SourceQuality "1"]

1. d4 d5 2. Bf4 Nc6 3. e3 Nf6 4. Bd3 Nb4 5. a3 Nxd3+ 6. cxd3 Bf5 7. Nf3 e6 8. 0-0 Bd6 9. Bg5 h6 10. Bh4 0-0 11. h3 Qe7 12. Nc3 Rfe8 13. Re1 Rad8 14. e4 dxe4 15. dxe4 Bh7 16. e5 g5 17. exd6 Qxd6 18. Bg3 Qd7 19. Qe2 Bg6 20. Ne5 Qxd4 21. Nxg6 fxg6 22. Rad1 Qb6 23. Rxd8 Rxd8 24. Qxe6+ Qxe6 25. Rxe6 Kf7 26. Re5 Re8 27. Nb5 a6 28. Nxc7 Rd8 29. b4 Rd7 30. Re3 h5 31. Rc3 h4 32. Be5 Rd1+ 33. Kh2 Ne4 34. Rf3+ Ke7 35. Bb2 Rd2 36. Bg7 Rxf2 37. Re3 Kf7 38. Rxe4 Kxg7 39. Re7+ Rf7 40. Ne6+ Kf6 41. Rxf7+ Kxf7 42. Nd8+ Ke7 43. Nxb7 Kd7 44. Nc5+ Kd6 45. Nxa6 Ke6 1-0